| 000 | 00785pam a2200241 a 4500 | ||
|---|---|---|---|
| 008 | |||
| 020 | _a014029161X (pbk.) | ||
| 049 | _aMAIN | ||
| 090 | _aQH313 WIL. | ||
| 100 | 1 | _aWilson, Edward O. | |
| 245 | 1 | 4 |
_aThe diversity of life / _cEdward O. Wilson. |
| 260 |
_aLondon : _bPenguin Books, _c1994 |
||
| 300 |
_axxii, 406 p. : _bill. ; _c20 cm. |
||
| 500 | _aFirst published in the USA by The Belknap Press of Havard University Press in 1992. | ||
| 500 | _aIncludes index. | ||
| 504 | _aIncludes bibliographical references. | ||
| 650 | 0 |
_aBiological diversity _xbiological diversity conservation |
|
| 907 |
_a.b10165964 _b15-02-07 _c21-06-05 |
||
| 003 | |||
| 005 | 20230123134021.0 | ||
| 040 | _cNUST | ||
| 942 |
_cBOOKS _kQH313 WIL. |
||
| 999 |
_c158583 _d158583 |
||